[Event "Montecatini Terme 12th"]
[Site "Montecatini Terme"]
[Date "2005.02.03"]
[Round "10"]
[White "Sciortino, Massimo"]
[Black "Miladinovic, Igor"]
[Result "1/2-1/2"]
[WhiteElo "2228"]
[BlackElo "2611"]
[PlyCount "22"]
[EventDate "2005.01.27"]
[EventType "tourn"]
[EventRounds "11"]
[EventCountry "ITA"]
[EventCategory "4"]
[SourceTitle "CBM 104 Extra"]
[Source "ChessBase"]
[SourceDate "2005.03.01"]
[SourceVersion "1"]
[SourceVersionDate "2005.03.01"]
[SourceQuality "1"]

1. e4 c5 2. Nf3 Nc6 3. Bb5 e6 4. Bxc6 bxc6 5. d3 Ne7 6. Qe2 Ng6 7. h4 h5 8. e5 d5 9. exd6 Bxd6 10. Nbd2 e5 11. Nc4 Bg4 1/2-1/2

[Event "Montecatini Terme 12th"]
[Site "Montecatini Terme"]
[Date "2005.02.01"]
[Round "7"]
[White "Shytaj, Luca"]
[Black "Sciortino, Massimo"]
[Result "1-0"]
[WhiteElo "2341"]
[BlackElo "2228"]
[PlyCount "74"]
[EventDate "2005.01.27"]
[EventType "tourn"]
[EventRounds "11"]
[EventCountry "ITA"]
[EventCategory "4"]
[SourceTitle "CBM 104 Extra"]
[Source "ChessBase"]
[SourceDate "2005.03.01"]
[SourceVersion "1"]
[SourceVersionDate "2005.03.01"]
[SourceQuality "1"]

1. e4 c6 2. d4 d5 3. exd5 cxd5 4. Bd3 Nc6 5. c3 Nf6 6. h3 e6 7. Nf3 Bd6 8. 0-0 Qc7 9. Re1 Bd7 10. b4 a6 11. Qe2 Rc8 12. Bg5 h6 13. Bd2 g5 14. Ne5 Rg8 15. Na3 h5 16. Nc2 g4 17. h4 g3 18. f4 Ng4 19. Qf3 Nf2 20. Bh7 Nxe5 21. fxe5 Rg4 22. exd6 Qd8 23. Bg5 Rxg5 24. hxg5 Qxg5 25. Re5 f5 26. Qxf5 Qxf5 27. Bxf5 Kf7 28. Ne3 Rxc3 29. Nxd5 Rc4 30. Nb6 Rxd4 31. Nxd7 exf5 32. Nc5 Rh4 33. Rxf5+ Kg6 34. Rxf2 gxf2+ 35. Kxf2 Rd4 36. Nxb7 Kf5 37. Ke2 Ke6 1-0

[Event "Montecatini Terme 12th"]
[Site "Montecatini Terme"]
[Date "2005.01.30"]
[Round "4"]
[White "Sciortino, Massimo"]
[Black "Djuric, Stefan"]
[Result "1/2-1/2"]
[WhiteElo "2228"]
[BlackElo "2470"]
[PlyCount "24"]
[EventDate "2005.01.27"]
[EventType "tourn"]
[EventRounds "11"]
[EventCountry "ITA"]
[EventCategory "4"]
[SourceTitle "CBM 104 Extra"]
[Source "ChessBase"]
[SourceDate "2005.03.01"]
[SourceVersion "1"]
[SourceVersionDate "2005.03.01"]
[SourceQuality "1"]

1. e4 e5 2. Nf3 Nc6 3. Bb5 a6 4. Ba4 Nf6 5. 0-0 Be7 6. Re1 b5 7. Bb3 0-0 8. c3 d6 9. h3 Na5 10. Bc2 c5 11. d4 Qc7 12. Nbd2 Bd7 1/2-1/2

[Event "Reggio Emilia 0405 47th"]
[Site "Reggio Emilia"]
[Date "2005.01.03"]
[Round "6"]
[White "Di Caro, Calogero"]
[Black "Sciortino, Massimo"]
[Result "1/2-1/2"]
[WhiteElo "2317"]
[BlackElo "2222"]
[PlyCount "31"]
[EventDate "2004.12.29"]
[EventType "tourn"]
[EventRounds "9"]
[EventCountry "ITA"]
[EventCategory "8"]
[SourceTitle "CBM 104 Extra"]
[Source "ChessBase"]
[SourceDate "2005.03.01"]
[SourceVersion "1"]
[SourceVersionDate "2005.03.01"]
[SourceQuality "1"]

1. c4 e5 2. g3 Nc6 3. Bg2 g6 4. Nc3 Bg7 5. d3 d6 6. e4 Nge7 7. Nge2 Be6 8. Nd5 h6 9. 0-0 f5 10. Nxe7 Qxe7 11. exf5 gxf5 12. Be3 h5 13. b3 h4 14. d4 exd4 15. Nxd4 Ne5 16. Bxb7 1/2-1/2

[Event "Reggio Emilia 0405 47th"]
[Site "Reggio Emilia"]
[Date "2004.12.31"]
[Round "3"]
[White "Sciortino, Massimo"]
[Black "Rombaldoni, Denis"]
[Result "1/2-1/2"]
[WhiteElo "2222"]
[BlackElo "2251"]
[PlyCount "82"]
[EventDate "2004.12.29"]
[EventType "tourn"]
[EventRounds "9"]
[EventCountry "ITA"]
[EventCategory "8"]
[SourceTitle "CBM 104 Extra"]
[Source "ChessBase"]
[SourceDate "2005.03.01"]
[SourceVersion "1"]
[SourceVersionDate "2005.03.01"]
[SourceQuality "1"]

1. Nf3 Nf6 2. d4 e6 3. Bg5 Be7 4. Nbd2 d5 5. e3 b6 6. c3 Bb7 7. Bd3 h6 8. Bh4 c5 9. Ne5 a6 10. Bxf6 gxf6 11. Nef3 f5 12. Ne5 Nd7 13. Ndf3 c4 14. Bc2 Bf6 15. Nxd7 Qxd7 16. Ne5 Bxe5 17. dxe5 Qc7 18. Qd4 Rg8 19. g3 0-0-0 20. f4 h5 21. Kf2 h4 22. Rag1 Kb8 23. Bd1 Rg6 24. gxh4 Qe7 25. Rg5 Rh8 26. Kg3 Ka7 27. Rg1 Bc6 28. Kh3 Be8 29. R1g3 a5 30. h5 Qf8 31. Kg2 Rgh6 32. Bf3 Ka6 33. Kh1 f6 34. exf6 Bxh5 35. Bxh5 Rxh5 36. Rxh5 Rxh5 37. Qe5 Qe8 38. Qc7 Rxh2+ 39. Kxh2 Qh5+ 40. Rh3 Qe2+ 41. Kg3 Qe1+ 1/2-1/2

[Event "Reggio Emilia 0405 47th"]
[Site "Reggio Emilia"]
[Date "2004.12.30"]
[Round "2"]
[White "Delchev, Aleksander"]
[Black "Sciortino, Massimo"]
[Result "1/2-1/2"]
[WhiteElo "2601"]
[BlackElo "2222"]
[PlyCount "40"]
[EventDate "2004.12.29"]
[EventType "tourn"]
[EventRounds "9"]
[EventCountry "ITA"]
[EventCategory "8"]
[SourceTitle "CBM 104 Extra"]
[Source "ChessBase"]
[SourceDate "2005.03.01"]
[SourceVersion "1"]
[SourceVersionDate "2005.03.01"]
[SourceQuality "1"]

1. Nf3 d5 2. g3 Bg4 3. Bg2 c6 4. b3 Nd7 5. Bb2 Ngf6 6. 0-0 e6 7. d4 Bd6 8. Nbd2 Qe7 9. Re1 Bxf3 10. Bxf3 Ba3 11. Qc1 Bxb2 12. Qxb2 0-0 13. e4 dxe4 14. Nxe4 Nxe4 15. Rxe4 Nf6 16. Re5 Rfd8 17. b4 a6 18. a4 Qd6 19. c3 Nd7 20. Re2 e5 1/2-1/2